Opie's cardiovascular drugs: a companion to Braunwald's heart disease / (Record no. 2438)

MARC details
000 -LEADER
fixed length control field 00445cam a22001575i 4500
008 - FIXED-LENGTH DATA ELEMENTS--GENERAL INFORMATION
fixed length control field 200825s2020 pau 000 0 eng
020 ## - INTERNATIONAL STANDARD BOOK NUMBER
ISBN 9780323673617
100 1# - MAIN ENTRY--AUTHOR
Author Bhatt, Deepak L.,
245 10 - TITLE STATEMENT
Title Opie's cardiovascular drugs: a companion to Braunwald's heart disease /
Statement of responsibility, etc Deepak L. Bhatt.
250 ## - EDITION STATEMENT
Edition statement 9.
260 ## - PUBLICATION, DISTRIBUTION, ETC. (IMPRINT)
Place of publication Philadelpia
Name of publisher Elsevier Ltd
Date of publication 2021
300 ## - COLLATION
Pagination xx,696p
650 ## - TRACINGS
Main Subject Cardiovascular
942 ## - ADDED ENTRY ELEMENTS (KOHA)
Item type Books
050 ## - LIBRARY OF CONGRESS CALL NUMBER
Classification number RM345
Item number .O65
Holdings
Source of classification or shelving scheme Not for loan Permanent location Current location Date acquired Accession No. Full call number Barcode. Koha item type
Library of Congress Classification   Medical Library Medical Library 03/18/2025 2024/63602 RM345.O65 2025-0704 Books